| 000 | 00522nam a2200181Ia 4500 | ||
|---|---|---|---|
| 001 | 16040 | ||
| 005 | 20260306170240.0 | ||
| 008 | 260306t2015||||xx |||||||||||||| ||und|| | ||
| 041 | _aESP | ||
| 082 |
_a346.52 _bY997 |
||
| 100 |
_aYzquierdo Tolsada, Mariano _eAUT |
||
| 245 | 0 |
_aResponsabilidad civil extracontractual: _bparte general: delimitación y especies. Elementos. Efectos o consecuencias |
|
| 260 | _c2015 | ||
| 300 |
_a665 pƔginas : _c24 cm. |
||
| 650 | _aGEN | ||
| 654 | _aCDE | ||
| 942 |
_cLIB _dJUS _fJUS _2ddc _n |
||
| 999 |
_c16040 _d16040 |
||